000 00784pam a2200253 a 4500
999 _c2586
_d2586
001 4206570
003 GBCCL
005 20241126110432.0
008 811021s1982 miu b 001 0 eng
010 _a 81016343
020 _a0310445310
040 _aDLC
_cDLC
_dDLC
050 0 0 _aBV111
_b.F76 1982
082 0 0 _a263.1
_223
_bSAB
245 0 0 _aFrom Sabbath to Lord's Day :
_ba Biblical, historical, and theological investigation /
_cedited by D.A. Carson.
260 _aGrand Rapids, Mich. :
_bZondervan,
_cc1982.
300 _a444 p. ;
_c21 cm.
504 _aIncludes bibliographical references and indexes.
650 0 _aSunday.
_95425
650 0 _aSabbath.
_95426
700 1 _aCarson, D. A.
_920
906 _a7
_bcbc
_corignew
_d1
_eocip
_f19
_gy-gencatlg
942 _2ddc
_cBK
_02